Guitton J.: Portrét Marty Robinovej. Signum unitatis 1991. 148 s

Podrobná bibliografia
Hlavní autori: Šimončič, Jozef, 1928-2020 (Autor), Guitton, Jean, 1901-1999 (Autor)
Médium: Článok
Jazyk:slovenčina
Predmet:

MARC

LEADER 00000nab a2200000 a 4500
001 vtls000470149
003 SK-MaSNL
005 20260304001751.0
008 120926c1992 xo 0 slo
015 |a SNBRB19rr/mm-uuuuu 
035 |a CL0470282 
040 |a SNKBUCL  |b slo  |c SNKBUCL  |e AACR2 
041 0 |a slo 
044 |a xo  |c SK 
080 |a 282-051  |2 1981 
080 |a 929 Robinová, Marta  |2 1981 
100 1 |a Šimončič, Jozef,  |d 1928-2020  |4 aut  |9 101128 
245 1 0 |a Guitton J.: Portrét Marty Robinovej. Signum unitatis 1991. 148 s  |c Jozef Šimončič 
600 1 7 |a Robinová, Marta  |d ?-  |x recenzie  |2 snkbucl  |9 1278567 
655 7 |a články z novín a časopisov  |2 snkbucl  |9 267496 
700 1 |a Guitton, Jean,  |d 1901-1999  |4 aut  |9 94211 
773 0 |t Viera a život  |g Roč. 2, č. 3 (1992), s. 236-238 
787 0 8 |i Rec.:  |a Guitton, J.  |t Portrét Marty Robinovej : Signum unitatis 
850 |a Slovenská národná knižnica v Martine  |a MTA001 
852 |a SNK  |b KIS3GCP 
958 |a RK 
992 |a RBX 
999 |c 2538580  |d 2540510